Авторът и неговият интерпретатор (Запис номер 50388)
[ съкратено ]
| 000 -Лидер | |
|---|---|
| Контролно поле с фиксирана дължина | 02113nam a2200457 a 4500 |
| 003 - Код на организацията, давaща контролен номер | |
| Контролно поле | BLK |
| 005 - Дата и час на последна редакция | |
| Контролно поле | 20230718163725.0 |
| 008 - Елементи от данни с фиксирана дължина | |
| fixed length control field | 180408b bul|||||r ||||||| ||bul|| |
| 010 ## - Наследен системен номер | |
| LC control number | KNG00054259000 |
| 020 ## - Международен стандартен номер на книга ISBN | |
| Международен стандартен номер на книга ISBN | 954-8478-32-3 |
| 040 ## - Източник на каталожния запис | |
| Идентификатор на билиотеката - собственик на записа | BLK |
| 041 ## - Код за език | |
| Код за езика на текст/звукозапис или на отделно заглавие | Български |
| Код за езика КДБФ | Български |
| 080 ## - УДК | |
| Текстов определител УДК | ?Швейцарска литература |
| УДК код - определител по УДК | 830(494) |
| УДК определител | (092) |
| УДК - код + определител | 830(494)(092) |
| 080 ## - УДК | |
| Текстов определител УДК | Драматични театри. Театри за драма и комедия. Вж и 82-2 |
| УДК код - определител по УДК | 792.2 |
| УДК определител | .09(497.2)(091) |
| УДК - код + определител | 792.2.09(497.2)(091) |
| 080 ## - УДК | |
| Текстов определител УДК | Швейцарски драматург, белетрист, есеист, поет и художник |
| УДК код - определител по УДК | 929 Дюренмат, Фридрих |
| УДК - код + определител | 929 Дюренмат, Фридрих |
| 100 1# - Редна дума - Автор | |
| Автор | Дечева, Виолета Атанасова |
| Авторска отговорност | първи автор |
| R(LIN) | 283180 |
| 139 ## - Редно поле | |
| Редна дума | Дечева, Виолета Атанасова |
| Авторски знак | Дюм - Д 98 |
| 245 10 - Сведения за заглавието | |
| Заглавие | Авторът и неговият интерпретатор |
| Подзаглавни данни | Драматургията на Фридрих Дюренмат и сценичната й рецепция в България |
| Редно поле (дума) | Виолета Атанасова Дечева. |
| 257 ## - Страна на издаване | |
| Страна на създаване/издаване | България |
| 260 ## - Област на издателските данни | |
| Име на издателя, разпространителя и проч. | Сонм |
| Година на издаване | 2002 |
| Печатница | София : Анго бой |
| Място на издаване, разпространение и проч. | София |
| 300 ## - Физическа характеристика | |
| Страници | 192 с. |
| Размери/Мащаб | 22 см |
| 380 ## - Жанр | |
| Жанр | Литературознание |
| 500 ## - Общи забележки | |
| Забележка | На кор. загл. Авторът и неговата интерпретация. - Библиогр. с. 181-189. |
| 504 ## - Забележка за наличие на библиография и др | |
| Забележка за наличие на библиография и под. | 181-189 |
| 600 14 - Име на лице, използвано като предмет | |
| За него / За нея | Дюренмат, Фридрих |
| 9 (RLIN) | 66272 |
| 650 #4 - Допълнително описание по предмет – тема | |
| Основно описание – тема или топоним | Драматургия - история |
| 9 (RLIN) | 259686 |
| 650 #4 - Допълнително описание по предмет – тема | |
| Основно описание – тема или топоним | Театрални постановки - България |
| 9 (RLIN) | 271079 |
| 651 #4 - Допълнително описание по предмет - топоним | |
| Географско понятие | Швейцария |
| 9 (RLIN) | 179801 |
| 651 #4 - Допълнително описание по предмет - топоним | |
| Географско понятие | България |
| 9 (RLIN) | 241624 |
| 653 ## - Ключова дума – ненормативна | |
| Ключова дума | театрални постановки |
| 653 ## - Ключова дума – ненормативна | |
| Ключова дума | Фридрих Дюренмат |
| 653 ## - Ключова дума – ненормативна | |
| Ключова дума | драматургия |
| 653 ## - Ключова дума – ненормативна | |
| Ключова дума | драматурзи |
| 852 ## - Местоположение | |
| Форматна сигнатура | Цб 224042 |
| Фондова буква | Хранилище |
| 856 4# - Електронен адрес и достъп | |
| Електронен формат | pdf - файл |
| 856 4# - Електронен адрес и достъп | |
| Електронен формат | pdf - файл |
| 942 ## - АРТИКУЛИ | |
| Вид на библиотечния материал | Книги |
| Скрит в OPAC | Не |
| 944 ## - СЪЗДАВАНЕ И РЕДАКЦИЯ на ЗАПИСА | |
| Създаване/Редакция | Създаване |
| Дата на регистрацията/редакция | 06.06.2005 |
| Служител, извършил регистрацията/редакцията | 30542 |
| Статус, дата на статуса | Русанова Ирена |
| 944 ## - СЪЗДАВАНЕ И РЕДАКЦИЯ на ЗАПИСА | |
| Създаване/Редакция | Редакция |
| Дата на регистрацията/редакция | 18.07.2023 |
| 999 ## - СИСТЕМНИ КОНТРОЛНИ НОМЕРА | |
| Koha biblionumber | 50388 |
| Koha biblioitemnumber | 50388 |
| 999 ## - СИСТЕМНИ КОНТРОЛНИ НОМЕРА | |
| Koha biblioitemnumber | 50388 |
| Код за отписване | Код за изгубен артикул | Източник на класификационната схема | Код за повреда | Коз за рестрикции | Код за отдаване | Артикулен № | Име на библиотеката - собственик | Име на библиотеката, в която се намира в момента | Статус (Текущо местоположение) | Дата на вписване в системата | Местоположение - отдел | Цена в лева | Инвентарен номер | Систематично азбучна сигнатура | Баркод | Номер на екземпляра | Цена в евро | Служебна бележка | Служебен тип на артикула |
|---|---|---|---|---|---|---|---|---|---|---|---|---|---|---|---|---|---|---|---|
| Не е изгубен | Universal Decimal Classification | Не е повреден | само за читалня | ползва се в читалня | 78821 | Регионална библиотека "Любен Каравелов" Русе | Регионална библиотека "Любен Каравелов" Русе | Хранилище | 2005-06-06 | Хранилище | 3.70 | 120000694772 | Цб 224042 | 120000694772 | 1 | 1.89 | Дост: Dp Вид: Д N: 30 Дата: 14.07.2004 | Книги | |
| Не е изгубен | Universal Decimal Classification | Не е повреден | без рестрикции | заемане за дома | 78822 | Регионална библиотека "Любен Каравелов" Русе | Регионална библиотека "Любен Каравелов" Русе | Отдел Изкуство - подръчен фонд | 2009-06-29 | Отдел Изкуство - подръчен фонд | 3.70 | 120000736567 | 8/Д 98 | 120000736567 | 2 | 1.89 | Дост: DA Вид: А N: 7 Дата: 29.06.2009 Дата инв: 08.06.2012 Бележки инв: * | Книги |